Score 0/11 Timer 01:30
0 Plays Today
Hint Four-letter Words % Correct
Opposite of front↺ BACK ↺
99.4%
Farm buildingBARN
98.8%
The outer layer of a treeBARK
98.8%
How to eat an ice creamLICK
98.3%
To rotate; spin↺ TURN ↺
98%
To sear or char somethingBURN
97.9%
What Mickey and Minnie areMICE
97.7%
To be withoutLACK
96.9%
The past, present and future↺ TIME ↺
96.4%
Act out without speechMIME
96.2%
Wingless, parasitic insectsLICE
95.8%

Today's Daily Dose

Missing Word
The Unexplained

Quick Pick
Sunday Things

Get the Picture
Beat It or Eat It?

You're not logged in!

Compare scores with friends on all Sporcle quizzes.
OR
Log In

Sporcle TV

Today on Sporcle TV


Watch our educational content, quiz creation guides, and fun videos on Sporcle TV.

Show Comments

Extras

Top Quizzes Today


Score Distribution

Paid Content

Your Account Isn't Verified!

In order to create a playlist on Sporcle, you need to verify the email address you used during registration. Go to your Sporcle Settings to finish the process.

Report this User

Report this user for behavior that violates our Community Guidelines.

Details: